00529nam a22001457a 4500020001800000040000900018082003000027100003700057110005200094245004600146650005400192942001200246999001900258952010600277 a9788120311381 cnust 22nd Editiona658.503bNAR aNarasimhan. L Seetharama9122704 aMcleavy. W Dennis, Billington. J Peter9122705 aProduction Planning and inventory Control aProduction Planning and inventory Control9122706 2ddccBK c609151d609151 00102ddc4070aCEMEbCEMEcGENd2024-05-16l0o658.503 NARpCEME- 40721r2024-05-16w2024-05-16yBK